000 00608nam a2200217 a 4500
999 _c1204
_d1204
008 191210s2010 ii ad||g |||| 001 0 eng d
020 _a9788132104711
_cRs. 395.00
040 _aKO
_beng
041 0 _aeng
044 _aii
082 0 4 _223
_a658.8
_bV569
100 1 _aVenugopal, Pingali
245 1 0 _aMarketing Management :
_ba decision-making approach /
_cPingali Venugopal
260 _aNew Delhi :
_bResponse Books ,
_c2010.
300 _axvii, 245 p. :
_bill. ;
_c24 cm.
504 _aIncludes Index.
650 0 _aMarketing
_xManagement
_vTextbooks
904 _aA_BOSE
942 _cBK